[Event "BCF-chT2 2324 (4NCL)"]
[Site "England"]
[Date "2024.01.13"]
[Round "3.2"]
[White "Blake, J Morgan"]
[Black "Jones, Steven"]
[Result "0-1"]
[WhiteElo "2026"]
[BlackElo "2266"]
[PlyCount "70"]
[EventDate "2023.11.11"]
[EventType "team-tourn"]
[EventRounds "11"]
[EventCountry "ENG"]
[SourceTitle "CB11_2024"]
[SourceDate "2024.03.13"]
[SourceVersion "1"]
[SourceVersionDate "2024.03.13"]
[SourceQuality "1"]
[WhiteTeam "Sussex Martlets"]
[BlackTeam "The Audible Checks"]
[WhiteTeamCountry "ENG"]
[BlackTeamCountry "ENG"]

1. e4 c5 2. Nf3 Nc6 3. Bb5 Nf6 4. Nc3 Qc7 5. d3 d6 6. 0-0 e6 7. Bxc6+ Qxc6 8. e5 dxe5 9. Nxe5 Qc7 10. Bf4 Qd8 11. Qf3 Be7 12. a4 0-0 13. a5 Nd5 14. Bg3 Nxc3 15. bxc3 Qd5 16. Qe3 f6 17. Nc4 Bd7 18. Rfe1 Rae8 19. Rab1 Rf7 20. f3 Bf8 21. Qe4 Bc6 22. Qxd5 Bxd5 23. Nd6 Bxd6 24. Bxd6 c4 25. d4 g5 26. Kf2 Rg7 27. Bc5 a6 28. g3 g4 29. fxg4 Rxg4 30. Bd6 Kf7 31. Rb6 Rg5 32. Re3 Rf5+ 33. Kg1 Bc6 34. Rb1 Rxa5 35. Rf1 Rg8 0-1

[Event "BCF-chT2 2324 (4NCL)"]
[Site "England"]
[Date "2023.11.11"]
[Round "1.54"]
[White "Jones, Steven"]
[Black "Baker, Chris W"]
[Result "0-1"]
[WhiteElo "2266"]
[BlackElo "2215"]
[PlyCount "122"]
[EventDate "2023.11.11"]
[EventType "team-tourn"]
[EventRounds "11"]
[EventCountry "ENG"]
[SourceTitle "CB46_2023"]
[SourceDate "2023.11.15"]
[SourceVersion "1"]
[SourceVersionDate "2023.11.15"]
[SourceQuality "1"]
[WhiteTeam "The Audible Checks"]
[BlackTeam "Warwicks Select"]
[WhiteTeamCountry "ENG"]
[BlackTeamCountry "ENG"]

1. e4 e5 2. Nf3 Nc6 3. Bb5 a6 4. Ba4 Nf6 5. 0-0 Be7 6. Re1 b5 7. Bb3 0-0 8. c3 d6 9. h3 Na5 10. Bc2 c5 11. d4 Qc7 12. Nbd2 Bd7 13. Nf1 cxd4 14. cxd4 Rac8 15. Ne3 Rfe8 16. Bd2 Bf8 17. Rc1 Qb6 18. dxe5 dxe5 19. Bc3 Rcd8 20. Nd5 Nxd5 21. exd5 f6 22. Qd3 g6 23. Nh4 Nc4 24. Nxg6 hxg6 25. Qxg6+ Bg7 26. Re4 f5 27. Qxb6 Nxb6 28. Re2 Rc8 29. Rce1 e4 30. Bxg7 Kxg7 31. g4 fxg4 32. hxg4 Bxg4 33. Rxe4 Rxe4 34. Bxe4 Re8 35. Kh2 Nxd5 36. f3 Nf6 37. Rc1 Nxe4 38. fxg4 Kf6 39. Kg2 Ke5 40. Kf3 Rf8+ 41. Ke3 Rh8 42. Rc6 Rh3+ 43. Ke2 a5 44. Rc8 Nd6 45. Ra8 a4 46. Kd2 Nc4+ 47. Kc1 Rh1+ 48. Kc2 Rh2+ 49. Kc3 Rxb2 50. Rc8 Rb1 51. g5 Nd6 52. Rg8 b4+ 53. Kc2 Rg1 54. Rb8 Rg2+ 55. Kc1 b3 56. axb3 a3 57. Ra8 a2 58. g6 Kf6 59. Ra6 Kg7 60. b4 Nc4 61. b5 a1Q+ 0-1

[Event "London Mindsports op"]
[Site "London"]
[Date "2023.09.14"]
[Round "4"]
[White "Willow, Jonah B"]
[Black "Jones, Steven"]
[Result "1-0"]
[WhiteElo "2410"]
[BlackElo "2289"]
[PlyCount "57"]
[EventDate "2023.09.13"]
[EventType "swiss"]
[EventRounds "9"]
[EventCountry "ENG"]
[SourceTitle "EXT 2024"]
[Source "ChessBase"]
[SourceDate "2023.10.10"]
[SourceVersion "1"]
[SourceVersionDate "2023.10.10"]
[SourceQuality "1"]

1. e4 c5 2. Nf3 Nc6 3. Bb5 Nf6 4. Nc3 Qc7 5. 0-0 Nd4 6. Re1 a6 7. Bf1 Ng4 8. e5 h5 9. Nd5 Qc6 10. Nxd4 cxd4 11. Nf4 d6 12. e6 Bxe6 13. Nxe6 fxe6 14. h3 Nf6 15. Rxe6 g5 16. Qe1 Kd7 17. b3 Qxc2 18. d3 Qc5 19. Bb2 g4 20. Rc1 Qd5 21. g3 Ne8 22. Re2 e5 23. Rc4 h4 24. Bg2 Qb5 25. Rb4 Qc5 26. Rxb7+ Kd8 27. b4 Qc8 28. Bxd4 Nf6 29. Bb6+ 1-0

[Event "GBR-ch 109th"]
[Site "Leicester"]
[Date "2023.07.29"]
[Round "8"]
[White "Jones, Steven"]
[Black "Kanyamarala, Tarun"]
[Result "1-0"]
[WhiteElo "2175"]
[BlackElo "2344"]
[PlyCount "95"]
[EventDate "2023.07.22"]
[EventType "swiss"]
[EventRounds "9"]
[EventCountry "ENG"]
[SourceTitle "CBM 215 Extra"]
[Source "ChessBase"]
[SourceDate "2023.09.30"]
[SourceVersion "1"]
[SourceVersionDate "2023.09.30"]
[SourceQuality "1"]

1. e4 c5 2. Nf3 e6 3. d4 cxd4 4. Nxd4 a6 5. Bd3 Bc5 6. Nb3 Ba7 7. 0-0 Nc6 8. Qg4 Qf6 9. Nc3 Nge7 10. Bg5 Qg6 11. Qh4 f6 12. Bd2 Qf7 13. Kh1 b5 14. f4 Bb7 15. Qh3 0-0 16. Be3 Rfc8 17. Nc5 Bxc5 18. Bxc5 Na5 19. Qe3 Ng6 20. b4 Nc4 21. Bxc4 bxc4 22. Na4 f5 23. e5 Nh4 24. Rf2 h6 25. Nb6 Kh7 26. Nxc4 Qg6 27. Qg3 Qh5 28. Nd6 Bc6 29. Nxc8 Rxc8 30. c4 Rg8 31. Be7 Ng6 32. Bd6 Nh4 33. Qh3 g5 34. Be7 Kg7 35. a4 Kf7 36. Bf6 Qg6 37. b5 Be4 38. Rd1 Ke8 39. fxg5 Qh5 40. Re1 hxg5 41. Rd2 Rg6 42. Qa3 Rg7 43. Rxe4 Rh7 44. Qc5 fxe4 45. Qc8+ Kf7 46. Rxd7+ Kg6 47. Qg8+ Kf5 48. Qxh7+ 1-0

[Event "ENG-ch Chessable"]
[Site "Kenilworth"]
[Date "2023.05.26"]
[Round "1"]
[White "Jones, Steven"]
[Black "Watson, Jacob"]
[Result "1-0"]
[WhiteElo "2174"]
[BlackElo "1886"]
[PlyCount "79"]
[EventDate "2023.05.26"]
[EventType "swiss"]
[EventRounds "7"]
[EventCountry "ENG"]
[SourceTitle "CBM 214 Extra"]
[Source "ChessBase"]
[SourceDate "2023.07.31"]
[SourceVersion "1"]
[SourceVersionDate "2023.07.31"]
[SourceQuality "1"]

1. e4 c6 2. d4 d5 3. e5 Bf5 4. Nf3 e6 5. Be2 Ne7 6. 0-0 Nc8 7. b3 Be7 8. c4 0-0 9. Nc3 Nd7 10. Bd3 Bg4 11. h3 Bh5 12. Re1 f6 13. exf6 Bxf6 14. g4 Bf7 15. Ba3 Re8 16. Qc2 g6 17. Ne5 Nxe5 18. dxe5 Bg5 19. cxd5 cxd5 20. Bb5 Nb6 21. Bxe8 Bxe8 22. Qd3 Bc6 23. Rad1 a5 24. Bc5 Nd7 25. Bd6 Be7 26. Nb5 Bxd6 27. exd6 Qf6 28. Nc7 Rf8 29. Qg3 e5 30. Nxd5 Qxd6 31. Nb6 Qb4 32. Nxd7 Rf3 33. Qxe5 Rxh3 34. Qe8+ Kg7 35. Re7+ Kh6 36. Qf8+ Kg5 37. Re5+ Kxg4 38. Qxb4+ axb4 39. Rd4+ Kf3 40. Re3# 1-0

[Event "BCF-chT 2223 (4NCL)"]
[Site "England"]
[Date "2023.01.15"]
[Round "4.2"]
[White "Parligras, Mircea Emilian"]
[Black "Jones, Steven"]
[Result "1-0"]
[WhiteElo "2560"]
[BlackElo "2139"]
[PlyCount "45"]
[EventDate "2022.10.22"]
[EventType "team-swiss"]
[EventRounds "11"]
[EventCountry "ENG"]
[SourceTitle "CBM 213 Extra"]
[Source "ChessBase"]
[SourceDate "2023.05.31"]
[SourceVersion "1"]
[SourceVersionDate "2023.05.31"]
[SourceQuality "1"]
[WhiteTeam "Chess.com Manx Liberty"]
[BlackTeam "West is Best"]
[WhiteTeamCountry "ENG"]
[BlackTeamCountry "ENG"]

1. d4 Nf6 2. c4 g6 3. Nc3 Bg7 4. e4 d6 5. h3 0-0 6. Be3 c5 7. Nf3 cxd4 8. Nxd4 a6 9. Be2 b6 10. Qd2 Bb7 11. f3 Nbd7 12. 0-0-0 Rc8 13. Bh6 Bxh6 14. Qxh6 Ne5 15. h4 b5 16. h5 Qa5 17. Kb1 Nxc4 18. Bxc4 bxc4 19. g4 Rb8 20. hxg6 fxg6 21. g5 Nh5 22. Rxh5 gxh5 23. g6 1-0

[Event "Newcastle Northumbria Masters"]
[Site "Newcastle on Tyne"]
[Date "2022.08.27"]
[Round "2"]
[White "Heritage, Jamie"]
[Black "Jones, Steven"]
[Result "1/2-1/2"]
[WhiteElo "2037"]
[BlackElo "2210"]
[PlyCount "89"]
[EventDate "2022.08.26"]
[EventType "swiss"]
[EventRounds "9"]
[EventCountry "ENG"]
[SourceTitle "CBM 210 Extra"]
[Source "ChessBase"]
[SourceDate "2022.11.30"]
[SourceVersion "1"]
[SourceVersionDate "2022.11.30"]
[SourceQuality "1"]

1. e4 c5 2. Nf3 Nc6 3. d4 cxd4 4. Nxd4 Nf6 5. Nc3 e5 6. Ndb5 d6 7. Bg5 a6 8. Na3 b5 9. Bxf6 gxf6 10. Nd5 f5 11. Bd3 Be6 12. c3 Bg7 13. Qh5 0-0 14. exf5 Bxd5 15. f6 e4 16. fxg7 Re8 17. Be2 Re5 18. Qh6 Be6 19. Nc2 Qg5 20. Qxg5 Rxg5 21. 0-0 f5 22. Rfd1 Rd8 23. Nd4 Nxd4 24. Rxd4 Rxg7 25. a4 Rb7 26. axb5 axb5 27. Rb4 Rdb8 28. Ra6 Bc4 29. Kf1 d5 30. Rf6 Rf7 31. Rd6 Rfb7 32. b3 Rb6 33. Rxb6 Bxe2+ 34. Kxe2 Rxb6 35. Ke3 Kf7 36. Kd4 Ke6 37. Kc5 Ra6 38. Rxb5 Ke5 39. g3 Ra2 40. Kc6 Rxf2 41. Rxd5+ Ke6 42. Rd6+ Ke5 43. Rd5+ Ke6 44. Rd6+ Ke5 45. Rd5+ 1/2-1/2

[Event "GBR-ch 108th"]
[Site "Torquay"]
[Date "2022.08.15"]
[Round "3"]
[White "Ward, Christopher"]
[Black "Jones, Steven"]
[Result "1-0"]
[WhiteElo "2402"]
[BlackElo "2210"]
[PlyCount "87"]
[EventDate "2022.08.13"]
[EventType "swiss"]
[EventRounds "9"]
[EventCountry "ENG"]
[SourceTitle "CBM 209 Extra"]
[Source "ChessBase"]
[SourceDate "2022.09.30"]
[SourceVersion "1"]
[SourceVersionDate "2022.09.30"]
[SourceQuality "1"]

1. d4 Nf6 2. c4 g6 3. h4 d6 4. Nc3 Bg7 5. e4 Nc6 6. d5 Ne5 7. Be2 h5 8. Nf3 Nxf3+ 9. gxf3 0-0 10. f4 c6 11. Be3 cxd5 12. cxd5 Qa5 13. f3 b5 14. Qd2 b4 15. Nb5 Bd7 16. Nd4 Rab8 17. Kf2 Qd8 18. Rac1 Kh7 19. Nc6 Bxc6 20. dxc6 Qa5 21. c7 Rbc8 22. a3 Rxc7 23. axb4 Rxc1 24. bxa5 Rxh1 25. Bxa7 Rxh4 26. Kg2 Bh6 27. Be3 Rd8 28. a6 e5 29. a7 Bxf4 30. Bxf4 Rxf4 31. Qa5 Ra8 32. Qc7 Nd5 33. exd5 Ra4 34. Qxf7+ Kh8 35. Qf6+ Kh7 36. Qe7+ Kh6 37. Qxd6 R8xa7 38. Bd3 Rg7 39. Qxe5 Rb4 40. d6 Rb6 41. Qf6 Kh7 42. Be4 Rb8 43. Kh3 Rb4 44. d7 1-0

[Event "Kingston 1st"]
[Site "Kingston"]
[Date "2022.07.24"]
[Round "9"]
[White "Large, Peter G"]
[Black "Jones, Steven"]
[Result "1-0"]
[WhiteElo "2299"]
[BlackElo "2251"]
[PlyCount "45"]
[EventDate "2022.07.19"]
[EventType "tourn"]
[EventRounds "9"]
[EventCountry "ENG"]
[SourceTitle "EXT 2024"]
[Source "ChessBase"]
[SourceDate "2023.10.10"]
[SourceVersion "1"]
[SourceVersionDate "2023.10.10"]
[SourceQuality "1"]

1. Nf3 d6 2. d4 Nf6 3. Nc3 Bf5 4. Nh4 Bd7 5. e4 e5 6. Nf3 Nc6 7. Be2 exd4 8. Nxd4 Be7 9. 0-0 0-0 10. Nxc6 Bxc6 11. Bf3 Re8 12. Re1 Nd7 13. Nd5 Nb6 14. Rb1 Bxd5 15. exd5 Bf6 16. b3 Nd7 17. g3 Rxe1+ 18. Qxe1 Bd4 19. Qd2 Ne5 20. Be2 Qf6 21. Qf4 Qg6 22. Qxd4 Qxc2 23. Qb2 1-0

[Event "Kingston 1st"]
[Site "Kingston"]
[Date "2022.07.23"]
[Round "8"]
[White "Jones, Steven"]
[Black "Kalaiyalahan, Akshaya"]
[Result "1/2-1/2"]
[WhiteElo "2251"]
[BlackElo "2158"]
[PlyCount "135"]
[EventDate "2022.07.19"]
[EventType "tourn"]
[EventRounds "9"]
[EventCountry "ENG"]
[SourceTitle "EXT 2024"]
[Source "ChessBase"]
[SourceDate "2023.10.10"]
[SourceVersion "1"]
[SourceVersionDate "2023.10.10"]
[SourceQuality "1"]

1. d4 d5 2. c4 e6 3. Nf3 Nf6 4. g3 c6 5. Bg2 Be7 6. 0-0 0-0 7. b3 b6 8. Qc2 Ba6 9. Rd1 Nbd7 10. Bb2 Rc8 11. Ne5 Qc7 12. Nd2 c5 13. Nxd7 Qxd7 14. dxc5 Rxc5 15. Ne4 Nxe4 16. Qxe4 f5 17. Qe3 Re8 18. Ba3 Rcc8 19. Bxe7 Rxe7 20. Qd4 Bb7 21. cxd5 Bxd5 22. Bxd5 Qxd5 23. Qxd5 exd5 24. Rxd5 Rxe2 25. Rxf5 Rf8 26. Rxf8+ Kxf8 27. a4 Rb2 28. Rc1 Rxb3 29. Rc8+ Kf7 30. Rc7+ Kf8 31. Rxa7 b5 32. axb5 Rxb5 33. g4 h5 34. Kg2 hxg4 35. Kg3 Rb4 36. Rd7 Ra4 37. Rd5 Kf7 38. Rg5 Kf6 39. Rxg4 Ra3+ 40. f3 g5 41. Rb4 Kf5 42. Rb8 Ra1 43. Rb5+ Kf6 44. Rb8 Kf5 45. Rf8+ Kg6 46. Re8 Kf5 47. Re4 Ra3 48. Rc4 Rb3 49. h4 gxh4+ 50. Rxh4 Ra3 51. Rh5+ Kg6 52. Rb5 Ra1 53. Kg4 Rg1+ 54. Kf4 Rf1 55. Rb6+ Kf7 56. Kg4 Ra1 57. f4 Ra5 58. Rb7+ Kf6 59. Rh7 Kg6 60. Rh8 Kf6 61. Rh6+ Kg7 62. Rd6 Rb5 63. Ra6 Rc5 64. Kf3 Rc4 65. Kg4 Rc5 66. f5 Rc1 67. Re6 Kf7 68. Kf4 1/2-1/2

[Event "Kingston 1st"]
[Site "Kingston"]
[Date "2022.07.20"]
[Round "2"]
[White "Finn, Peter"]
[Black "Jones, Steven"]
[Result "0-1"]
[WhiteElo "2038"]
[BlackElo "2251"]
[PlyCount "134"]
[EventDate "2022.07.19"]
[EventType "tourn"]
[EventRounds "9"]
[EventCountry "ENG"]
[SourceTitle "EXT 2024"]
[Source "ChessBase"]
[SourceDate "2023.10.10"]
[SourceVersion "1"]
[SourceVersionDate "2023.10.10"]
[SourceQuality "1"]

1. e4 c5 2. Nf3 d6 3. d4 cxd4 4. Nxd4 Nf6 5. Nc3 a6 6. f3 e5 7. Nb3 Be6 8. Be3 Be7 9. Nd5 Bxd5 10. exd5 0-0 11. Be2 Nbd7 12. Qd2 a5 13. a4 Qc7 14. 0-0 Nb6 15. c4 Nbd7 16. Kh1 b6 17. f4 Nc5 18. Nxc5 bxc5 19. fxe5 dxe5 20. Bd3 Ra6 21. Qc2 g6 22. Bh6 Rb8 23. Bd2 Bf8 24. Rae1 Bg7 25. Bc3 Re8 26. Be2 Re7 27. Bd1 Ne8 28. b3 f5 29. Qb2 e4 30. Bc2 Bxc3 31. Qxc3 Qe5 32. Qe3 Qd6 33. Qg5 Ng7 34. Re2 Ra8 35. Qd2 Raa7 36. Ree1 Nh5 37. Qg5 Rf7 38. g4 Ng7 39. gxf5 gxf5 40. Rg1 Rf6 41. Qe3 Rg6 42. Rxg6 hxg6 43. Rg1 Kf7 44. Qh6 Ra6 45. Qh8 e3 46. Qh3 Qe5 47. Qf3 Ra8 48. d6 Rd8 49. Re1 f4 50. Qb7+ Kf6 51. d7 Ne6 52. Qg2 Qg5 53. Qc6 Qe5 54. Qg2 g5 55. Rd1 Ke7 56. Qh3 Rxd7 57. Qh7+ Qg7 58. Qe4 Rxd1+ 59. Bxd1 Qa1 60. Qh7+ Kd6 61. Qd3+ Qd4 62. Qc2 Qd2 63. Qxd2+ exd2 64. Kg2 Ke5 65. Kf3 Nd4+ 66. Kg4 Ke4 67. Kxg5 f3 0-1